Namen aller ICE 1-Züge - Statistiken

Allgemein
  • Dieses Quiz wurde 26 mal gespielt
  • Das Durchschnittsergebnis liegt bei 14 aus 50
Antwortstatistiken
Land/Bundesland Name % Korrekt
Bremen Bremen
64%
Hessen Gießen
56%
Bremen Bremerhaven
52%
Schweiz Basel
48%
Schleswig-Holstein Neumünster
48%
Bayern Nürnberg
48%
Schweiz Zürich
48%
Schleswig-Holstein Flensburg
44%
Hessen Fulda
44%
Bayern Regensburg
40%
Niedersachsen Lüneburg
36%
Hessen Offenbach (Main)
36%
Bayern Aschaffenburg
32%
Hessen Hanau
32%
Hessen Heppenheim (Bergstraße)
32%
Schweiz Interlaken
32%
Schleswig-Holstein Itzehoe
32%
Baden-Württemberg Pforzheim
32%
Rheinland-Pfalz Worms
32%
Schweiz Chur
28%
Bayern Garmisch-Partenkirchen
28%
Niedersachsen Hildesheim
28%
Bayern Hof
28%
Bayern Memmingen
28%
Niedersachsen Osnabrück
28%
Baden-Württemberg Bruchsal
24%
Baden-Württemberg Crailsheim
24%
Nordrhein-Westfalen Gütersloh
24%
Rheinland-Pfalz Ludwigshafen (Rhein)
24%
Bayern Rosenheim
24%
Schleswig-Holstein Timmendorfer Strand
24%
Hessen Bebra
20%
Rheinland-Pfalz Frankenthal (Pfalz)
20%
Bayern Freilassing
20%
Baden-Württemberg Friedrichshafen
20%
Hessen Gelnhausen
20%
Nordrhein-Westfalen Gelsenkirchen
20%
Bayern Landshut
20%
Bayern Mühldorf (Inn)
20%
Hessen Neu-Isenburg
20%
Bayern Plattling
20%
Schleswig-Holstein Rendsburg
20%
Hessen Rüdesheim (Rhein)
20%
Schleswig-Holstein Bad Oldesloe
16%
Nordrhein-Westfalen Castrop-Rauxel
16%
Hessen Heusenstamm
16%
Nordrhein-Westfalen Mülheim (Ruhr)
16%
Hessen Geisenheim (Rheingau)
12%
Bayern Lichtenfels
12%
Niedersachsen Jever
8%
Keine übereinstimmenden Quizze gefunden
Verteilung der Resultate
Anzahl Personen mit jedem Resultat
Perzentil nach korrekt beantworteten Fragen
Ihre Resultats-Entwicklung
Sie haben dieses Quiz noch nicht gespielt